Comentarios a las Sentencias de Unificacin̤ de Doctrina (Civil y Mercantil) Volumen 9

Detalles Bibliográficos
Autor principal: Yzquierdo Tolsada, Mariano
Formato: eBook
Lenguaje:español
Publicado: Madrid: Dykinson, 2017
Colección:Derecho de la Competencia Europeo y Espaǫl
Materias:
Acceso en línea:Acceso restringido

MARC

LEADER 00000nam a22000007a 4500
005 20190213232838.0
007 cr|||| ||||
008 190213s2017 es |||||s|||| 00||0 spa d
020 |a 978-84-9148-891-0 
035 |a 22733 
040 |a vLex 
090 |c 8431  |d 8431 
100 1 |a Yzquierdo Tolsada, Mariano 
245 1 0 |a Comentarios a las Sentencias de Unificacin̤ de Doctrina (Civil y Mercantil)  |h [Recurso electrn̤ico] /  |c Mariano Yzquierdo Tolsada  |n Volumen 9 
256 |a Servicio en ln̕ea 
260 |a Madrid:  |b Dykinson,  |c 2017 
300 |a 1 recurso electrn̤ico 
490 0 |a Derecho de la Competencia Europeo y Espaǫl 
506 1 |a Disponible solo en los productos indicados  |d vLex Global  |d vLex Global (Academic Edition, excluding Law Schools)  |d vLex Global (U.S. Academic Edition, Law Schools)  |d vLex Global (U.S. Academic Edition, excluding Law Schools)  |d vLex Global (Academic Edition, Law Schools) 
650 0 4 |a Derecho Civil  |z Espaą 
650 0 4 |a Derecho Mercantil y de la Empresa  |z Espaą 
740 0 |a vLex Libros (Servicio en ln̕ea) 
856 4 0 |u http://vlex.com/source/comentarios-sentencias-unificacion-doctrina-civil-mercantil-volumen-9-22733  |z Acceso restringido 
942 |c BOOK 
999 0 |a Civil Law 
999 0 |a Business and Company Law